Diagnóstico situacional de la Extensión Social Comunitaria desde la perspectiva intercultural de Genero en el CEIMM-URACCAN

El presente trabajo corresponde a una investigación de diagnóstico situacional sobre la extensión social comunitaria desde la perspectiva intercultural de género en el CEIMM URACCAN. Es una investigación de carácter cualitativa y con enfoque de investigación acción, dado a que en este primer...

Full description

Bibliographic Details
Main Author: McCoy, Antonia
Other Authors: Tutor: Fuentes Espinoza, Oscar Danilo
Format: Tesis Section = Libro
Language:Undetermined
Spanish
Published: Managua UNI 2013
Subjects:
LEADER 01293nam a2200241Ia 4500
008 240830s9999 xx 000 0 und d
040 |a BIBLIOTECA-RUSB/ T.Mon 378.007 M478 
041 |a spa 
082 |a T.Mon 378.007 M478 
100 1 |a McCoy, Antonia 
245 1 0 |a Diagnóstico situacional de la Extensión Social Comunitaria desde la perspectiva intercultural de Genero en el CEIMM-URACCAN 
260 |a Managua  |b UNI  |c 2013 
300 |a 35 p. :il. 
500 |a Contiene: anexos 
502 |a Tesis (Especialidad en Gestión Universitaria) - UNI, 2013. 
520 3 |a El presente trabajo corresponde a una investigación de diagnóstico situacional sobre la extensión social comunitaria desde la perspectiva intercultural de género en el CEIMM URACCAN. Es una investigación de carácter cualitativa y con enfoque de investigación acción, dado a que en este primer momento se pretende con el estudio, conocer el estado situacional del centro para después actuar, siendo esto el (conocer y actuar) una de las características de la investigación. 
650 7 |a INVESTIGACION 
650 7 |b  GESTION SOCIAL COMUNITARIA 
650 7 |c  POLITICA INTERCULTURAL DE GÉNERO 
700 1 |a Tutor:  |b Fuentes Espinoza, Oscar Danilo 
942 |c BK  |2 ddc 
991 |a TESIS 
999 |c 21783